| 000 | 00592nam a22001937a 4500 | ||
|---|---|---|---|
| 999 |
_c16320 _d16320 |
||
| 003 | AR-CdUCM | ||
| 008 | 190503b ||||| |||| 00| 0 spa d | ||
| 040 |
_aMUNICIPALIDAD PROVINCIAL DEL CUSCO _cBIBLIOTECA MUNICIPAL DEL CUSCO |
||
| 082 |
_a951 / _bS57 |
||
| 100 |
_aSiri, Eros Nicola _935697 |
||
| 245 | _aLa gran aventura / | ||
| 260 |
_aBuenos Aires : _bAcme, _c1955. |
||
| 300 |
_a281 páginas ; _c20 cm. |
||
| 505 | _aContenido: La gran aventura. | ||
| 650 |
_a Historia y Geografía _97835 |
||
| 650 |
_aCivilización china _935698 |
||
| 942 |
_2ddc _cLIBROS |
||
| 945 |
_aacv _d2019-05-03 |
||